000 00633nam a22001937a 4500
999 _c61645
_d61645
005 20240408171005.0
008 240408s2006 enk||||| |||| 00| 0 eng d
020 _a9780787983833
041 _aeng
080 _a61 D-66
100 _aDlugacz, Yosef D.
_921727
245 _aMeasuring Health Care:
_cUsing Quality Data for Operational, Financial, and Clinical Improvement
264 _aSan-Francisco:
_bJossey-Bass,
_c2006.
300 _a213 p;
_b23 cm.
653 _aჯანდაცვა
653 _aმედიცინა
653 _aჯანდაცვის ხარისხი
942 _2udc
_cᲬᲘᲒᲜᲘ